Aunque no entendamos nada
সংরক্ষণ করুন:
| প্রধান লেখক: | |
|---|---|
| বিন্যাস: | গ্রন্থ |
| ভাষা: | স্প্যানিশ |
| প্রকাশিত: |
Santiago
Comunicaciones Noreste
2003
|
| সংস্করন: | 1a. ed |
| বিষয়গুলি: | |
| ট্যাগগুলো: |
ট্যাগ যুক্ত করুন
কোনো ট্যাগ নেই, প্রথমজন হিসাবে ট্যাগ করুন!
|
MARC
| LEADER | 00000nam a2200000 a 4500 | ||
|---|---|---|---|
| 001 | UCK2753 | ||
| 003 | CL-VaPUC | ||
| 008 | 050318e20030000CL |||||||||||||||||spa|d | ||
| 020 | |a 9567802734 | ||
| 082 | 0 | 4 | |a 864 |b VIL |2 21 |
| 100 | 0 | |a Vila-Matas, Enrique |e author |9 490724 | |
| 245 | 1 | 0 | |a Aunque no entendamos nada |
| 250 | |a 1a. ed | ||
| 300 | |a 172 p | ||
| 942 | |c BK | ||
| 945 | |d 20050318 00:00:00 |a cmena | ||
| 260 | |a Santiago |b Comunicaciones Noreste |c 2003 | ||
| 650 | 0 | |a Ensayos españoles |9 313128 | |
| 650 | 0 | |a Literatura española |9 306261 | |
| 583 | |a last modification |c 20050318 00:00:00 |k Rodrigo Vera | ||
| 999 | |c 312211 |d 312209 | ||
| 952 | |0 0 |1 0 |4 0 |6 864_000000000000000_VIL_2003 |7 0 |8 A |9 382130 |a BIBEDU |b BIBEDU |d 2019-11-21 |i 4102274 |o 864 VIL 2003 |p 4102274 |r 2019-11-21 |w 2019-11-21 |y BK |k LIT | ||